Περί αστέρων και συμπάντων
Saved in:
| Main Author: | |
|---|---|
| Format: | Book |
| Language: | Greek |
| Published: |
Ηράκλειο :
Πανεπιστημιακές Εκδόσεις Κρήτης,
1997
|
| Edition: | 6η εκδ. |
| Series: | Επιστήμη και ανθρώπινος πολιτισμός
|
| Subjects: | |
| Tags: |
Add Tag
No Tags, Be the first to tag this record!
|
MARC
| LEADER | 00000nam a2200000 i 4500 | ||
|---|---|---|---|
| 001 | 1/76286 | ||
| 008 | 980720s1997 gre d | ||
| 020 | |a 960-7309-11-1 | ||
| 035 | |l 10032361 | ||
| 040 | |a GR-MY-UA |b gre |e aacr | ||
| 041 | 0 | |a gre | |
| 082 | 0 | |a 523 | |
| 100 | 1 | |a Ξανθόπουλος, Βασίλης Κ. |d 1951- | |
| 245 | 1 | 0 | |a Περί αστέρων και συμπάντων / |c Βασίλης Ξανθόπουλος |
| 250 | |a 6η εκδ. | ||
| 260 | |a Ηράκλειο : |b Πανεπιστημιακές Εκδόσεις Κρήτης, |c 1997 | ||
| 300 | |a 128 σ. | ||
| 490 | 1 | |a Επιστήμη και ανθρώπινος πολιτισμός | |
| 650 | 0 | 0 | |a Planets |x Origin. |
| 650 | 0 | 0 | |a Cosmology. |
| 830 | 0 | |a Επιστήμη και ανθρώπινος πολιτισμός | |
| 852 | |a INST |b RHODES |e 19980720 |h 523 ΞΑΝ |p 005400006141 |q 005400006141 |t BK |y 0 | ||
| 901 | |a BIBL-1998-2 | ||
| 909 | |a Ρ |b 053525 |c 1998 | ||
| 922 | |a 4ΕΛΗ |b 199802 |c ΚΠΣ/Ν |d EMVASIS | ||